[Event "ch-CHN 2021"]
[Site "Xinghua CHN"]
[Date "2021.05.14"]
[Round "10.1"]
[White "Lu, Shanglei"]
[Black "Li, Di"]
[Result "0-1"]
[WhiteTitle "GM"]
[BlackTitle "GM"]
[WhiteElo "2615"]
[BlackElo "2561"]
[WhiteFideId "8603332"]
[BlackFideId "8607508"]
[EventDate "2021.05.07"]

1. e4 e5 2. Bc4 Nf6 3. d3 c6 4. Nf3 d5 5. Bb3 a5 6. a4 Bb4+ 7. c3 Bd6 8. exd5
cxd5 9. Bg5 Be6 10. Na3 Nbd7 11. Nb5 Bb8 12. O-O O-O 13. Re1 Ra6 14. d4 e4 15.
Nd2 h6 16. Bh4 Bf4 17. c4 g5 18. Bg3 Bxd2 19. Qxd2 dxc4 20. Bc2 Nc5 21. f3 Bf5
22. h4 e3 23. Rxe3 Bxc2 24. Qxc2 Nd5 25. Re2 Nd3 26. Qxc4 gxh4 27. Bh2 N5f4 28.
Rd2 Rc6 29. Qb3 Qg5 30. Kh1 Re8 31. d5 Nc1 32. Qd1 Nfe2 33. Rd4 f5 34. f4 Ng3+
35. Bxg3 Qxg3 36. dxc6 Re1+ 37. Qxe1 Qxe1+ 38. Kh2 Qg3+ 39. Kh1 h3 0-1

[Event "ch-CHN 2021"]
[Site "Xinghua CHN"]
[Date "2021.05.14"]
[Round "10.2"]
[White "Zhao, Jun"]
[Black "Ju, Wenjun"]
[Result "1/2-1/2"]
[WhiteTitle "GM"]
[BlackTitle "GM"]
[WhiteElo "2638"]
[BlackElo "2560"]
[WhiteFideId "8602522"]
[BlackFideId "8603006"]
[EventDate "2021.05.07"]

1. d4 d5 2. c4 e6 3. Nc3 Nf6 4. Bg5 Be7 5. e3 h6 6. Bh4 O-O 7. Nf3 Nbd7 8. Rc1
c5 9. cxd5 Nxd5 10. Bxe7 Nxe7 11. Be2 cxd4 12. Nxd4 Nf6 13. O-O Ng6 14. Qb3 e5
15. Ndb5 Qe7 16. Rfd1 Be6 17. Qa3 Qxa3 18. Nxa3 a6 19. Nc4 b5 20. Na5 e4 21. Rd4
Ne7 22. Rcd1 Nf5 23. Rb4 Rfd8 24. Kf1 Rxd1+ 25. Bxd1 Rc8 26. Bb3 Bxb3 27. Nxb3
Nd6 28. Na5 Kf8 29. a4 bxa4 30. Rxa4 Nb5 31. Nxe4 Nxe4 32. Rxe4 Rc1+ 33. Ke2
Rc2+ 34. Kf3 Rxb2 35. Rc4 Rd2 36. Rc8+ Ke7 37. Nc6+ Kf6 38. Ra8 Nc7 39. Ra7 Ne6
40. Rxa6 Ng5+ 41. Kg3 Ne4+ 42. Kf3 Ng5+ 43. Kg3 Ne4+ 44. Kf3 1/2-1/2

[Event "ch-CHN 2021"]
[Site "Xinghua CHN"]
[Date "2021.05.14"]
[Round "10.4"]
[White "Xu, Zhihang"]
[Black "Bai, Jinshi"]
[Result "1/2-1/2"]
[WhiteTitle "IM"]
[BlackTitle "GM"]
[WhiteElo "2506"]
[BlackElo "2618"]
[WhiteFideId "8611572"]
[BlackFideId "8602280"]
[EventDate "2021.05.07"]

1. Nf3 Nf6 2. c4 c5 3. Nc3 Nc6 4. g3 g6 5. Bg2 Bg7 6. O-O O-O 7. d4 d5 8. dxc5
dxc4 9. Qa4 Qa5 10. Qxc4 Be6 11. Qh4 Qxc5 12. Ng5 Bf5 13. e4 Bd7 14. Be3 Qa5 15.
b4 Nxb4 16. e5 h6 17. exf6 hxg5 18. Bxg5 exf6 19. Bd2 Nc6 20. Rab1 Bf5 21. Rxb7
Rad8 22. Rb5 Qa6 23. Rc5 Rxd2 24. Rxc6 Qa5 25. Qc4 Bd3 26. Qf4 Qg5 27. Qxg5 fxg5
28. Rd1 Rxd1+ 29. Nxd1 Rb8 30. Rd6 Be2 31. Rd2 Bg4 32. h3 Be6 33. Ne3 Bc3 34.
Rc2 Bd4 35. Bd5 Bxd5 36. Nxd5 Rb5 37. Ne3 Bxe3 38. fxe3 1/2-1/2

[Event "ch-CHN 2021"]
[Site "Xinghua CHN"]
[Date "2021.05.14"]
[Round "10.5"]
[White "Xu, Yi"]
[Black "Liu, Yan"]
[Result "1/2-1/2"]
[WhiteTitle "GM"]
[BlackTitle "GM"]
[WhiteElo "2527"]
[BlackElo "2524"]
[WhiteFideId "8605564"]
[BlackFideId "8608962"]
[EventDate "2021.05.07"]

1. e4 e5 2. Nf3 Nf6 3. d4 Nxe4 4. Bd3 d5 5. Nxe5 Nd7 6. Nc3 Nxe5 7. dxe5 Bb4 8.
O-O Nxc3 9. bxc3 Bxc3 10. Rb1 O-O 11. Bxh7+ Kxh7 12. Qd3+ Kg8 13. Qxc3 a5 14. f4
d4 15. Qd3 Re8 16. Bd2 Ra6 17. Rbe1 g6 18. f5 Bxf5 19. Qg3 Bxc2 20. Bg5 Qd5 21.
Bf6 d3 22. Qh3 Rxf6 23. exf6 Rxe1 24. Rxe1 Qd4+ 25. Kh1 Ba4 26. Qc8+ Kh7 27.
Qh3+ Kg8 28. Qc8+ Kh7 29. Qh3+ Kg8 30. Qc8+ Kh7 1/2-1/2

[Event "ch-CHN 2021"]
[Site "Xinghua CHN"]
[Date "2021.05.14"]
[Round "10.6"]
[White "Xu, Yinglun"]
[Black "Xu, Xiangyu"]
[Result "1/2-1/2"]
[WhiteTitle "GM"]
[BlackTitle "GM"]
[WhiteElo "2554"]
[BlackElo "2573"]
[WhiteFideId "8604940"]
[BlackFideId "8608288"]
[EventDate "2021.05.07"]

1. d4 Nf6 2. c4 g6 3. Nc3 d5 4. cxd5 Nxd5 5. e4 Nxc3 6. bxc3 c5 7. Nf3 Bg7 8.
Be3 Bg4 9. Bb5+ Nc6 10. O-O cxd4 11. cxd4 O-O 12. Bxc6 bxc6 13. Rc1 Qa5 14. Qd2
Qxd2 15. Nxd2 Rfd8 16. Nb3 a5 17. Rxc6 a4 18. Nc5 Be2 19. Re1 Bxd4 20. Rxe2 Bxc5
21. g3 Bxe3 22. Rxe3 a3 23. Rcc3 Rd2 24. Rxa3 Rxa2 25. Rxa8+ Rxa8 26. Kg2 Kg7
27. Rb3 Ra5 28. h4 h5 29. Kf3 Ra1 30. Ke3 Re1+ 31. Kf4 Rf1 32. Ke3 Re1+ 33. Kf4
Rf1 34. Ke3 1/2-1/2

[Event "ch-CHN 2021"]
[Site "Xinghua CHN"]
[Date "2021.05.15"]
[Round "11.1"]
[White "Xu, Xiangyu"]
[Black "Lu, Shanglei"]
[Result "1/2-1/2"]
[WhiteTitle "GM"]
[BlackTitle "GM"]
[WhiteElo "2573"]
[BlackElo "2615"]
[WhiteFideId "8608288"]
[BlackFideId "8603332"]
[EventDate "2021.05.07"]

1. e4 c5 2. Nf3 d6 3. d4 cxd4 4. Nxd4 Nf6 5. Nc3 a6 6. Bg5 e6 7. f4 Qb6 8. Qd2
Qxb2 9. Rb1 Qa3 10. e5 h6 11. Bh4 dxe5 12. fxe5 Nfd7 13. Ne4 Qxa2 14. Rd1 Qd5
15. Qe3 Qxe5 16. c3 Bc5 17. Bg3 Qd5 18. Bc4 Qxc4 19. Bd6 Nf6 20. Nxc5 Nd5 21.
Qe5 Rg8 22. Ndxe6 fxe6 23. Nxe6 Nf6 24. Nf8+ Be6 25. Qxe6+ Qxe6+ 26. Nxe6 Kf7
27. Nc7 Ra7 28. O-O Rd8 29. Bc5 Rxd1 30. Rxd1 b6 31. Bxb6 Rb7 32. Na8 Nc6 33.
Be3 Re7 34. Bc5 Rb7 35. Be3 Re7 36. Bc5 Rb7 1/2-1/2

[Event "ch-CHN 2021"]
[Site "Xinghua CHN"]
[Date "2021.05.15"]
[Round "11.2"]
[White "Liu, Yan"]
[Black "Xu, Yinglun"]
[Result "1/2-1/2"]
[WhiteTitle "GM"]
[BlackTitle "GM"]
[WhiteElo "2524"]
[BlackElo "2554"]
[WhiteFideId "8608962"]
[BlackFideId "8604940"]
[EventDate "2021.05.07"]

1. Nf3 Nf6 2. g3 b6 3. Bg2 Bb7 4. O-O g6 5. b3 Bg7 6. Bb2 O-O 7. c4 c5 8. Nc3
Na6 9. d4 d5 10. dxc5 Nxc5 11. Nxd5 Nxd5 12. Bxg7 Kxg7 13. cxd5 Qxd5 14. Qxd5
Bxd5 15. Rfd1 Rfd8 16. Nd4 Bxg2 17. Kxg2 Rac8 18. Rac1 Kf6 19. Nb5 Rxd1 20. Rxd1
a5 21. Rc1 Rd8 22. a3 Nxb3 23. Rc6+ Kg7 24. Rxb6 Rc8 25. Nd6 exd6 26. Rxb3 Rc2
27. Rb5 Rxe2 28. Rxa5 Ra2 29. h4 d5 30. Rxd5 Rxa3 31. Kh1 1/2-1/2

[Event "ch-CHN 2021"]
[Site "Xinghua CHN"]
[Date "2021.05.15"]
[Round "11.3"]
[White "Bai, Jinshi"]
[Black "Xu, Yi"]
[Result "1/2-1/2"]
[WhiteTitle "GM"]
[BlackTitle "GM"]
[WhiteElo "2618"]
[BlackElo "2527"]
[WhiteFideId "8602280"]
[BlackFideId "8605564"]
[EventDate "2021.05.07"]

1. d4 Nf6 2. c4 e6 3. Nf3 d5 4. Nc3 Bb4 5. Bg5 h6 6. Bxf6 Qxf6 7. e3 O-O 8. Rc1
dxc4 9. Bxc4 c5 10. Qb3 cxd4 11. Qxb4 dxc3 12. Qxc3 Nc6 13. Qxf6 gxf6 14. Ke2
Bd7 15. e4 Rfd8 16. Ke3 Kf8 17. Nd2 Rac8 18. a3 a6 19. Nb3 Ne5 20. Be2 Bb5 21.
Nc5 Nc4+ 22. Bxc4 Rxc5 23. Be2 Rdc8 24. Rxc5 Rxc5 25. Bxb5 Rxb5 26. b4 f5 27.
Rc1 fxe4 28. Kxe4 b6 29. Rc4 a5 30. a4 Rf5 31. f4 b5 32. axb5 Rxb5 33. bxa5 Rxa5 1/2-1/2

[Event "ch-CHN 2021"]
[Site "Xinghua CHN"]
[Date "2021.05.15"]
[Round "11.5"]
[White "Ju, Wenjun"]
[Black "Yu, Yangyi"]
[Result "1-0"]
[WhiteTitle "GM"]
[BlackTitle "GM"]
[WhiteElo "2560"]
[BlackElo "2709"]
[WhiteFideId "8603006"]
[BlackFideId "8603820"]
[EventDate "2021.05.07"]

1. e4 e5 2. Nf3 Nc6 3. Bc4 Nf6 4. d3 Be7 5. Nc3 d6 6. a4 O-O 7. h3 Be6 8. O-O
Nxe4 9. Nxe4 d5 10. Neg5 dxc4 11. Nxe6 fxe6 12. dxc4 Qxd1 13. Rxd1 Bc5 14. Be3
Bxe3 15. fxe3 h6 16. Rd7 Rf7 17. Rxf7 Kxf7 18. Rf1 Ke8 19. Kf2 Ke7 20. Ke2 Rf8
21. Rb1 a5 22. c3 b6 23. Kd3 Nb8 24. Nxe5 Rf2 25. c5 bxc5 26. g4 Nd7 27. Nc6+
Kd6 28. Nxa5 Nb6 29. Nc4+ Kc6 30. a5 Nxc4 31. Kxc4 Re2 32. a6 Kb6 33. Ra1 Ka7
34. Ra5 Rxb2 35. Rxc5 Kb6 36. Re5 Kxa6 37. Rxe6+ Kb7 38. h4 Ra2 39. Kd3 Rf2 40.
Rg6 Rf7 41. e4 c6 42. e5 Kb6 43. Ke4 Kc5 44. h5 Kb5 45. Rd6 Kc5 46. Rd8 Re7 47.
Rd4 Kb5 48. Kf5 c5 49. Rd1 Rf7+ 50. Ke6 Ra7 51. Kd6 Kc4 52. e6 Ra6+ 53. Kd7 Ra7+
54. Ke8 Kxc3 55. e7 Ra2 56. Kd7 1-0

[Event "ch-CHN 2021"]
[Site "Xinghua CHN"]
[Date "2021.05.15"]
[Round "11.6"]
[White "Li, Di"]
[Black "Zhao, Jun"]
[Result "1-0"]
[WhiteTitle "GM"]
[BlackTitle "GM"]
[WhiteElo "2561"]
[BlackElo "2638"]
[WhiteFideId "8607508"]
[BlackFideId "8602522"]
[EventDate "2021.05.07"]

1. d4 Nf6 2. Nf3 e6 3. c4 d5 4. g3 Bb4+ 5. Bd2 Be7 6. Bg2 O-O 7. O-O c6 8. Qc2
b6 9. Rd1 Ba6 10. b3 Nbd7 11. Bf4 Rc8 12. Nc3 Nh5 13. Bc1 f5 14. Bb2 Bd6 15. e3
Qe7 16. Ne2 Nhf6 17. Nf4 Ne4 18. Ne5 Bb7 19. Nfd3 Ndf6 20. b4 c5 21. dxc5 bxc5
22. b5 a6 23. a4 Ra8 24. Qe2 Rfc8 25. h3 Qe8 26. Nf4 g5 27. Nfd3 axb5 28. axb5
Be7 29. Rdb1 dxc4 30. Nxc4 Qxb5 31. Qc2 Bd5 32. Nde5 Rcb8 33. Rxa8 Bxa8 34. Ra1
Bd5 35. Ra7 Rb7 36. Ra8+ Kg7 37. Bf1 Qb3 38. Qc1 Rc7 39. Ra6 Qb8 40. Qa1 Qe8 41.
g4 Kf8 42. f3 Ng3 43. Bd3 h5 44. Qe1 h4 45. Qc3 Kg8 46. gxf5 exf5 47. Ng4 fxg4
48. Rxf6 Bf8 49. Rg6+ Qxg6 50. Qh8+ 1-0